000 00555nam a2200157 4500
001 126371
003 ES-MaACL
005 20230906192816.0
007 t|
008 070214s1916 mx r ||||1| spa d
245 0 0 _aRecopilación de las circulares, reglamentos y acuerdos expedidos por las secretarías de estado del gobierno provisional de la República Mexicana.
260 _aMéxico :
_b[s.n.],
_c1916 (
_fImp. de la Secretaría de Gobernación)
300 _a491 p. ;
_c22 cm.
710 2 _aMéxico [Leyes, etc]
_95701
852 _aES-MaACL
_jC-3328
999 _c126371
_d126371